00523nam a2200193Ia 4500008004100000020001800041050001400059100001900073245003200092245005100124250001900175260003200194260001800226260000900244300001400253300002500267300001000292650002700302180207s9999 xx 000 0 und d a9789715081428 bM722 2002 aMolina, Russel aAng madyik silya ni Titoy / cby Russel Molina ; illustrated by Marcus Nada. aFirst edition. aMetro Manila, Philippines : bAdarna House, c2002 aunpaged : bcolor illustration ; c20cm. aA book in 2 languages.